UM Logo

Geographical Information System in Health Monitoring of Cluster 1 Barangays of Digos City/ (Record no. 14884)

MARC details
000 -LEADER
fixed length control field 00675nam a22001697a 4500
008 - FIXED-LENGTH DATA ELEMENTS--GENERAL INFORMATION
fixed length control field 200130b ||||| |||| 00| 0 eng d
082 ## - DEWEY DECIMAL CLASSIFICATION NUMBER
Edition number 2013
Classification number UT 1424
Item number C44
100 ## - MAIN ENTRY--PERSONAL NAME
Personal name Ching, Jeizelle Ann J.
9 (RLIN) 41334
245 ## - TITLE STATEMENT
Title Geographical Information System in Health Monitoring of Cluster 1 Barangays of Digos City/
Statement of responsibility, etc. Jeizelle Ann J. Ching, Roxan O. Monsalud & Jean A. Rivera
260 ## - PUBLICATION, DISTRIBUTION, ETC. (IMPRINT)
Place of publication, distribution, etc. Digos City
Name of publisher, distributor, etc. UMDC
Date of publication, distribution, etc. March 2013
300 ## - PHYSICAL DESCRIPTION
Extent 44 pages
Dimensions 30 cm
650 ## - SUBJECT ADDED ENTRY--TOPICAL TERM
Topical term or geographic name as entry element Technical Education
Form subdivision Information Technology
General subdivision Undergraduate Thesis
9 (RLIN) 41335
700 ## - ADDED ENTRY--PERSONAL NAME
Personal name Ching, Jeizelle Ann J.
9 (RLIN) 41336
700 ## - ADDED ENTRY--PERSONAL NAME
Personal name Monsalud, Roxan O.
9 (RLIN) 41337
700 ## - ADDED ENTRY--PERSONAL NAME
Personal name Rivera, Jean A.
9 (RLIN) 41338
942 ## - ADDED ENTRY ELEMENTS (KOHA)
Source of classification or shelving scheme Dewey Decimal Classification
Koha item type Undergraduate Thesis
Holdings
Withdrawn status Lost status Source of classification or shelving scheme Damaged status Not for loan Collection code Home library Current library Date acquired Total Checkouts Full call number Barcode Date last seen Price effective from Koha item type
    Dewey Decimal Classification     Undergraduate Theses UM Digos College - LIC UM Digos College - LIC 01/22/2020   UT 1424 C44 2013 UT 1424 01/30/2020 01/29/2020 Undergraduate Thesis